Library of the University of Algiers 3
Ibrahim Sultan Cheibout
شعار جامعة الجزائر 3
مكتبة جامعة الجزائر 3
إبراهيم سلطان شيبوط

برنامج اكسل 2000 وتطبيقاتها المحاسبة / (رقم التسجيلة. 42871)

تفاصيل مارك
000 -LEADER
fixed length control field 01588nam a2200205Ia 4500
003 - CONTROL NUMBER IDENTIFIER
control field Ost
005 - DATE AND TIME OF LATEST TRANSACTION
control field 20260507075110.0
008 - FIXED-LENGTH DATA ELEMENTS--GENERAL INFORMATION
fixed length control field 260507s9999||||xx |||||||||||||| ||und||
040 ## - CATALOGING SOURCE
Transcribing agency fsecg
041 ## - LANGUAGE CODE
Language code of text/sound track or separate title ara
082 ## - DEWEY DECIMAL CLASSIFICATION NUMBER
Classification number 330
100 ## - MAIN ENTRY--PERSONAL NAME
Personal name مبارك، صلاح الدين عبد المنعم
Relator term مؤلف
245 #0 - TITLE STATEMENT
Title برنامج اكسل 2000 وتطبيقاتها المحاسبة /
Statement of responsibility, etc. صلاح الدين عبد المنعم مبارك
260 ## - PUBLICATION, DISTRIBUTION, ETC.
Place of publication, distribution, etc. الاسكندرية:
Name of publisher, distributor, etc. الدار الجامعية,
Date of publication, distribution, etc. 2000
300 ## - PHYSICAL DESCRIPTION
Extent 206 صفحة؛
Other physical details إيضاحات ؛
Dimensions 24 سم
520 ## - SUMMARY, ETC.
Summary, etc. قسم هذا الكتاب إلى ستة فصول خصص الأول منها لعرض أساسيات برنامج EXCEL 2000 .وتناول الفصل الثاني الصيغ والدوال في برنامج اكسل 2000 أما الفصل لثالث فعرض لموضوع قواعد البيانات بطريقة متعمقة وتحليلية مع امثلة وتطبيقات محاسبة ملائمة في هذا المجال ، أما الفصل الرابع والخامس فقد تناولت فيها موضوع التخطيطات البيانية وتحليل "ماذا لو" وتطبيقاتهخ الحالية واختتم هذا المرجع بأهم مكوناته في الفصل السادس وهو عرض لمجموعة من التطبيقات المحاسبية المتنوعة وبيان دور المحاسب من خلال برنامج اكسل 2000 في معالجة مثل هذه التطبيقات .
653 ## - INDEX TERM--UNCONTROLLED
Uncontrolled term اكسل 2000
653 ## - INDEX TERM--UNCONTROLLED
Uncontrolled term المجدول
942 ## - ADDED ENTRY ELEMENTS (KOHA)
Koha item type كتب
المقتنيات
Withdrawn status Lost status Source of classification or shelving scheme Damaged status Not for loan Home library Current library Date acquired Serial enumeration / chronology Inventory number Total checkouts Full call number Barcode Date last seen Price effective from Koha item type
    Dewey Decimal Classification   NOT LOAN / إعارة داخلية مكتبة كلية العلوم الإقتصادية والعلوم التجارية وعلوم التسيير مكتبة كلية العلوم الإقتصادية والعلوم التجارية وعلوم التسيير 07/05/2026 الطابق الأرضي 1470/1   أ/1470ن1 1470/1 07/05/2026 07/05/2026 كتب

موارد الويب المفتوحة


© University of Algiers 3 All Rights Reserved
|
Implemented by LECHELAH Riad